[Event "European Blitz Championship 2021"]
[Site "Katowice"]
[Date "2021.12.17"]
[Round "14.9"]
[White "Plat, Vojtech"]
[Black "Nasuta, Grzegorz"]
[Result "1-0"]
[WhiteElo "2548"]
[BlackElo "2377"]
[Annotator "RC"]
[PlyCount "73"]
[EventDate "2021.12.17"]
[EventType "swiss"]
[EventCountry "POL"]
[SourceTitle "playchess.com"]
[Source "ChessBase"]
[SourceQuality "1"]

1. e4 e5 2. Nf3 Nc6 3. Bb5 a6 4. Ba4 Nf6 5. d4 exd4 6. O-O Be7 7. Re1 b5 8. Bb3
d6 9. a4 Bg4 10. h3 Bxf3 11. Qxf3 O-O 12. Qg3 Kh8 13. Nd2 Na5 14. Ba2 c5 15.
Nf3 Nc6 16. Bd2 h6 17. Bd5 Nxd5 18. exd5 Ne5 19. Nxe5 dxe5 20. Qxe5 Bf6 21. Qh5
Kh7 22. Re4 Qd7 23. Bf4 Rfe8 24. Rxe8 Rxe8 25. axb5 axb5 26. d6 g5 27. Bg3 Kg7
28. Qf3 Be5 29. Qd5 Bxg3 30. fxg3 Re6 31. Ra6 Qe8 32. Ra7 Re5 33. d7 Re1+ 34.
Kh2 Qe3 35. Qxf7+ Kxf7 36. d8=Q+ Kg6 37. Qg8+ 1-0

[Event "European Blitz Championship 2021"]
[Site "Katowice"]
[Date "2021.12.17"]
[Round "14.10"]
[White "Kowalski, Igor"]
[Black "Kovalenko, Igor"]
[Result "1/2-1/2"]
[WhiteElo "2276"]
[BlackElo "2668"]
[Annotator "RC"]
[PlyCount "109"]
[EventDate "2021.12.17"]
[EventType "swiss"]
[EventCountry "POL"]
[SourceTitle "playchess.com"]
[Source "ChessBase"]
[SourceQuality "1"]

1. d4 Nf6 2. Nf3 e6 3. c4 b6 4. g3 c6 5. Bg2 d5 6. Qc2 Be7 7. O-O O-O 8. Ne5
Bb7 9. Rd1 Nbd7 10. Nc3 Rc8 11. e4 Bb4 12. Bg5 Be7 13. Rac1 h6 14. Nxd7 Qxd7
15. Bxf6 Bxf6 16. cxd5 cxd5 17. e5 Be7 18. Bf1 Rc7 19. f4 Rfc8 20. Qf2 Bb4 21.
Ne2 Rc2 22. a3 Be7 23. Rb1 Ba6 24. Qe3 h5 25. Rdc1 Rxc1 26. Rxc1 Rxc1 27. Qxc1
Qa4 28. Qd2 Qc4 29. Qd1 Qb5 30. Nc3 Qa5 31. Bxa6 Qxa6 32. Qe2 Qxe2 33. Nxe2 f6
34. Kf2 Kf7 35. Kf3 b5 36. h3 a5 37. g4 hxg4+ 38. hxg4 fxe5 39. dxe5 Bc5 40. f5
g5 41. Nc3 b4 42. axb4 axb4 43. Nb5 b3 44. Ke2 Bg1 45. Kd3 Bf2 46. Nc7 exf5 47.
gxf5 g4 48. Nxd5 g3 49. Nf4 Bc5 50. Kc4 Bb6 51. Ng2 Bc7 52. Kxb3 Bxe5 53. Kc4
Bxb2 54. Kd3 Kf6 55. Ke4 1/2-1/2

[Event "European Blitz Championship 2021"]
[Site "Katowice"]
[Date "2021.12.17"]
[Round "14.13"]
[White "Malek, Jan"]
[Black "Jagodzinski, Piotr"]
[Result "1-0"]
[WhiteElo "1838"]
[BlackElo "2298"]
[Annotator "ChessBase"]
[PlyCount "103"]
[EventDate "2021.12.17"]
[EventType "swiss"]
[EventCountry "POL"]
[SourceTitle "playchess.com"]
[Source "ChessBase"]
[SourceQuality "1"]

1. e4 c6 2. d4 d5 3. Nc3 dxe4 4. Nxe4 Nf6 5. Nxf6+ exf6 6. c3 Bd6 7. Bd3 O-O 8.
Ne2 Na6 9. O-O Nc7 10. Ng3 Nd5 11. Qh5 g6 12. Qf3 Re8 13. Bh6 Bf8 14. Bxf8 Rxf8
15. Rfe1 Be6 16. h4 Qd7 17. Ne4 Kg7 18. Nc5 Qc8 19. Nxe6+ fxe6 20. h5 f5 21.
Qg3 Nf6 22. Qe5 Kf7 23. Bc4 Nd5 24. Re2 Qd7 25. Rae1 Rae8 26. h6 Rg8 27. Bd3
Qc7 28. Qxc7+ Nxc7 29. g4 fxg4 30. Re4 Ke7 31. Rxg4 Rgf8 32. Kg2 Kd6 33. c4 Rf6
34. f4 Ref8 35. Kg3 b5 36. b3 g5 37. Rxg5 Rxf4 38. c5+ Kd7 39. Rg7+ R4f7 40.
Bxh7 Nd5 41. Rf1 Ke7 42. Rfxf7+ Rxf7 43. Bg6 Rxg7 44. hxg7 Nf6 45. Kf4 a5 46.
Kg5 b4 47. Kh6 Ng4+ 48. Kh7 Nf6+ 49. Kh8 Kd7 50. g8=Q Nxg8 51. Kxg8 e5 52. Bf5+
1-0

[Event "European Blitz Championship 2021"]
[Site "Katowice"]
[Date "2021.12.17"]
[Round "14.14"]
[White "Stefansson, Hannes"]
[Black "Lewtak, Damian"]
[Result "0-1"]
[WhiteElo "2519"]
[BlackElo "2203"]
[Annotator "ChessBase"]
[PlyCount "94"]
[EventDate "2021.12.17"]
[EventType "swiss"]
[EventCountry "POL"]
[SourceTitle "playchess.com"]
[Source "ChessBase"]
[SourceQuality "1"]

1. e4 c5 2. Nf3 Nc6 3. Bb5 g6 4. Bxc6 dxc6 5. d3 Bg7 6. Nc3 Nf6 7. Be3 b6 8. h3
Qc7 9. Qd2 h6 10. Bf4 Qd8 11. Be5 Be6 12. O-O-O b5 13. Kb1 Qa5 14. b3 c4 15.
Bxf6 exf6 16. d4 O-O 17. d5 f5 18. e5 cxd5 19. Nxd5 Qxd2 20. Rxd2 Rfd8 21. Rhd1
Kf8 22. Nc7 Rxd2 23. Rxd2 Rb8 24. Nxe6+ fxe6 25. Rd7 a5 26. Nd4 Re8 27. f4 g5
28. g3 h5 29. h4 gxf4 30. gxf4 Bh6 31. Ne2 Re7 32. Rd6 Kf7 33. Kc1 Rc7 34. Kd2
a4 35. b4 Bf8 36. Rd8 Bxb4+ 37. c3 Be7 38. Rh8 Kg7 39. Rxh5 Rd7+ 40. Nd4 b4 41.
Kc2 b3+ 42. axb3 cxb3+ 43. Kb2 Rb7 44. Nxe6+ Kg6 45. Rh8 a3+ 46. Kb1 a2+ 47.
Kb2 Ba3+ 0-1

[Event "European Blitz Championship 2021"]
[Site "Katowice"]
[Date "2021.12.17"]
[Round "14.15"]
[White "Ortega Ruiz, Jose Miguel"]
[Black "Laurusas, Tomas"]
[Result "0-1"]
[WhiteElo "2317"]
[BlackElo "2553"]
[Annotator "RC"]
[PlyCount "60"]
[EventDate "2021.12.17"]
[EventType "swiss"]
[EventCountry "POL"]
[SourceTitle "playchess.com"]
[Source "ChessBase"]
[SourceQuality "1"]

1. d4 Nf6 2. c4 e6 3. Nf3 d5 4. e3 a6 5. Nc3 h6 6. b3 c5 7. Bb2 cxd4 8. Nxd4
Bd6 9. Be2 dxc4 10. Bxc4 O-O 11. h3 Qe7 12. Qe2 b5 13. Bd3 Bb7 14. e4 Nbd7 15.
a3 Ne5 16. Bc2 Ng6 17. O-O Rac8 18. b4 Be5 19. Rad1 Rfd8 20. Qe3 Bf4 21. Qe2
Ne5 22. g3 Nc4 23. Ba1 Be5 24. Nb1 Bb8 25. f4 e5 26. Nf5 Qe6 27. Bd3 exf4 28.
Bxf6 Qxf6 29. Bxc4 Rxc4 30. Rxd8+ Qxd8 0-1

[Event "European Blitz Championship 2021"]
[Site "Katowice"]
[Date "2021.12.17"]
[Round "14.16"]
[White "Gretarsson, Helgi Ass"]
[Black "Kowalczyk, Rafal"]
[Result "1-0"]
[WhiteElo "2476"]
[BlackElo "2252"]
[Annotator "ChessBase"]
[PlyCount "42"]
[EventDate "2021.12.17"]
[EventType "swiss"]
[EventCountry "POL"]
[SourceTitle "playchess.com"]
[Source "ChessBase"]
[SourceQuality "1"]

1. d4 Nf6 2. c4 e6 3. Nf3 b6 4. Bf4 Bb7 5. e3 Be7 6. Nc3 O-O 7. h3 Bb4 8. Qb3
Qe7 9. a3 Bxc3+ 10. Qxc3 Ne4 11. Qc2 d6 12. Be2 Nd7 13. O-O f5 14. Bh2 Rac8 15.
Rad1 Ndf6 16. Ne1 Rfd8 17. Nd3 c5 18. f3 cxd4 19. exd4 Ng5 20. Qd2 Nf7 21. b3
g5 1-0

[Event "European Blitz Championship 2021"]
[Site "Katowice"]
[Date "2021.12.17"]
[Round "14.18"]
[White "Kyc, Jerzy"]
[Black "Przybylski, Wojciech"]
[Result "1/2-1/2"]
[WhiteElo "2250"]
[BlackElo "2247"]
[Annotator "ChessBase"]
[PlyCount "188"]
[EventDate "2021.12.17"]
[EventType "swiss"]
[EventCountry "POL"]
[SourceTitle "playchess.com"]
[Source "ChessBase"]
[SourceQuality "1"]

1. e4 e5 2. Nf3 Nc6 3. Bb5 Nf6 4. d3 d6 5. c3 Be7 6. O-O O-O 7. Re1 a6 8. Ba4
b5 9. Bc2 d5 10. Nbd2 Re8 11. Qe2 Bf8 12. Nf1 h6 13. Ng3 Be6 14. a3 dxe4 15.
Nxe4 Nd5 16. h3 f5 17. Ng3 Bd6 18. Bb3 Qf6 19. Qc2 Bf8 20. c4 bxc4 21. Bxc4 Bf7
22. b4 a5 23. Bb5 Re6 24. bxa5 Nxa5 25. Bb2 Bd6 26. d4 e4 27. Ne5 Be8 28. Bf1
c6 29. Rac1 Rb8 30. Rb1 Rc8 31. Ba1 Qf8 32. Qd2 Ra8 33. Qc2 Bxa3 34. f3 exf3
35. Nxf5 Bh5 36. g4 Be8 37. Qf2 Bb4 38. Rec1 g6 39. Nh4 Kh7 40. Nhxf3 Rf6 41.
Bd3 Nf4 42. Bf1 Bd6 43. Qg3 Rd8 44. g5 Rf5 45. h4 h5 46. Re1 c5 47. dxc5 Bxc5+
48. Kh1 Bd6 49. Rbd1 Nb3 50. Bb2 Nc5 51. Bc4 Rb8 52. Bd4 Nce6 53. Bg1 Rd8 54.
Ba2 Qe7 55. Bb1 Rf8 56. Nc4 Bc7 57. Nfe5 Rxd1 58. Rxd1 Ng7 59. Qe3 Qe6 60. Bc2
Bb5 61. Bb3 Bc6+ 62. Kh2 Bd5 63. Bf2 Bxc4 64. Nxc4 Qg4 65. Rg1 Qf5 66. Bg3 Nd5
67. Qe2 Bxg3+ 68. Rxg3 Nf4 69. Qf2 Qe4 70. Nd2 Qb4 71. Bc2 Qb8 72. Ne4 Nge6 73.
Nf6+ Kh8 74. Qd2 Qc7 75. Rc3 Qe5 76. Re3 Qc7 77. Qc3 Qxc3 78. Rxc3 Rd8 79. Rc6
Ng7 80. Be4 Rb8 81. Kg3 Nfe6 82. Bxg6 Rb3+ 83. Kf2 Rb2+ 84. Rc2 Rxc2+ 85. Bxc2
Nd4 86. Be4 Ndf5 87. Nxh5 Nxh4 88. Ng3 Ne6 89. g6 Kg7 90. Nh5+ Kh6 91. g7 Nxg7
92. Nxg7 Kxg7 93. Kg3 Ng6 94. Bxg6 Kxg6 1/2-1/2

[Event "European Blitz Championship 2021"]
[Site "Katowice"]
[Date "2021.12.17"]
[Round "14.19"]
[White "Dragnev, Valentin"]
[Black "Zakrzewski, Marek"]
[Result "1-0"]
[WhiteElo "2548"]
[BlackElo "2279"]
[Annotator "RC"]
[PlyCount "79"]
[EventDate "2021.12.17"]
[EventType "swiss"]
[EventCountry "POL"]
[SourceTitle "playchess.com"]
[Source "ChessBase"]
[SourceQuality "1"]

1. e4 c5 2. Nf3 e6 3. d4 cxd4 4. Nxd4 Nc6 5. Nc3 Qc7 6. Ncb5 Qb8 7. Bd3 a6 8.
Nxc6 bxc6 9. Nd4 c5 10. Nf3 Nf6 11. e5 Nd5 12. O-O Be7 13. a3 f5 14. c4 Nb6 15.
Qe2 Bb7 16. Re1 Bc6 17. Ng5 O-O 18. Rb1 a5 19. b3 Qb7 20. Qh5 Bxg5 21. Qxg5
Rae8 22. Bd2 Qa8 23. Be3 d6 24. exd6 Nd7 25. f3 Rf6 26. Qh4 Rg6 27. Kf2 Qb8 28.
Bf4 e5 29. Bxf5 exf4 30. Bxg6 hxg6 31. Rxe8+ Qxe8 32. Qxf4 Ne5 33. Rd1 Qe6 34.
h3 Bd7 35. Qe3 a4 36. Re1 axb3 37. Qxe5 Qxe5 38. Rxe5 b2 39. Re1 Bf5 40. d7 1-0

[Event "European Blitz Championship 2021"]
[Site "Katowice"]
[Date "2021.12.17"]
[Round "14.20"]
[White "Ustianovich, Nazar"]
[Black "Papasimakopoulos, Alexandros"]
[Result "0-1"]
[WhiteElo "2278"]
[BlackElo "2394"]
[Annotator "ChessBase"]
[PlyCount "118"]
[EventDate "2021.12.17"]
[EventType "swiss"]
[EventCountry "POL"]
[SourceTitle "playchess.com"]
[Source "ChessBase"]
[SourceQuality "1"]

1. d4 f5 2. Nc3 Nf6 3. Bg5 d5 4. Bxf6 exf6 5. e3 Be6 6. Bd3 Qd7 7. Nge2 Nc6 8.
a3 g6 9. Qd2 O-O-O 10. Na4 Ne5 11. Qa5 Nxd3+ 12. cxd3 Kb8 13. Nc5 Qe8 14. Rc1
Bd6 15. Qc3 Bc8 16. O-O b6 17. b4 g5 18. Rb1 Bxh2+ 19. Kxh2 Qh5+ 20. Kg1 Qxe2
21. Rfc1 Qh5 22. Ne6 Rd7 23. Nxc7 Qf7 24. Nb5 Ba6 25. a4 Rc8 26. Qb3 Bxb5 27.
axb5 Rdc7 28. Rxc7 Rxc7 29. Qb2 Qd7 30. Qe2 Qxb5 31. g3 Qe8 32. Qf3 Qe6 33. Kg2
Kb7 34. Rh1 a6 35. Rh6 Ka7 36. Qh5 Qf7 37. Qf3 Qe6 38. Qh5 a5 39. bxa5 bxa5 40.
Qe2 Qa6 41. Rh1 Rc3 42. Ra1 a4 43. Qd2 Rb3 44. Qc2 Kb7 45. Rc1 Ka7 46. Qc5+ Qb6
47. Qxd5 Qb7 48. Qxb7+ Kxb7 49. d5 Rxd3 50. Rc5 a3 51. Ra5 Kb6 52. Ra8 Kb5 53.
d6 Kb4 54. Ra6 Kb3 55. Kf3 a2 56. Ke2 Rxd6 57. Ra8 Rb6 58. Kd2 Kb2 59. Kd3 a1=Q
0-1

[Event "European Blitz Championship 2021"]
[Site "Katowice"]
[Date "2021.12.17"]
[Round "14.21"]
[White "Kastelik, Adrian"]
[Black "Lubczynski, Rafal"]
[Result "1-0"]
[WhiteElo "2248"]
[BlackElo "2361"]
[Annotator "ChessBase"]
[PlyCount "125"]
[EventDate "2021.12.17"]
[EventType "swiss"]
[EventCountry "POL"]
[SourceTitle "playchess.com"]
[Source "ChessBase"]
[SourceQuality "1"]

1. d4 b5 2. e4 a6 3. c4 Bb7 4. f3 bxc4 5. Nc3 e6 6. Bxc4 Nc6 7. Nge2 g6 8. Be3
Bg7 9. Qd2 h6 10. Bb3 Na5 11. d5 Nxb3 12. axb3 Ne7 13. dxe6 fxe6 14. O-O Nc6
15. Nd4 Qf6 16. Ra4 Rb8 17. Rd1 Ne5 18. Nde2 g5 19. Ng3 Qf7 20. Rb4 Nc6 21. Rc4
Bc8 22. Rxc6 O-O 23. Rxc7 Rxb3 24. Qc2 Rb4 25. Bc5 Rc4 26. Bxf8 Rxc7 27. Bxg7
Qxg7 28. Qd3 Qe5 29. Qd6 Qa5 30. Nh5 Kf7 31. f4 Rc6 32. Qd4 Qb6 33. Qxb6 Rxb6
34. fxg5 hxg5 35. Rd2 Ke7 36. Ng3 Rb4 37. Kf2 Bb7 38. Ke3 a5 39. Nge2 a4 40. g3
Bc6 41. h4 gxh4 42. gxh4 Kf6 43. Nd4 Bb7 44. Rg2 d5 45. exd5 e5 46. Ne4+ Kf7
47. Nc6 Rb3+ 48. Nc3 a3 49. Nxe5+ Kf6 50. Nd3 a2 51. Nxa2 Bxd5 52. Rf2+ Kg7 53.
Nc3 Be6 54. h5 Bg8 55. Rg2+ Kh7 56. Kf4 Bc4 57. Ne5 Be6 58. Ne4 Rb4 59. Nd3 Rd4
60. Ndc5 Bc8 61. Ke5 Rc4 62. Nf6+ Kh6 63. Rg6# 1-0

[Event "European Blitz Championship 2021"]
[Site "Katowice"]
[Date "2021.12.17"]
[Round "14.22"]
[White "Keinanen, Toivo"]
[Black "Bjerre, Jonas"]
[Result "1-0"]
[WhiteElo "2358"]
[BlackElo "2201"]
[Annotator "ChessBase"]
[PlyCount "61"]
[EventDate "2021.12.17"]
[EventType "swiss"]
[EventCountry "POL"]
[SourceTitle "playchess.com"]
[Source "ChessBase"]
[SourceQuality "1"]

1. d4 Nf6 2. Nf3 c5 3. d5 e6 4. Nc3 d6 5. e4 a6 6. dxe6 Bxe6 7. Ng5 Nc6 8. Nxe6
fxe6 9. Bc4 Qd7 10. a4 Be7 11. O-O O-O 12. Bg5 Ne5 13. Ba2 b5 14. f4 Nc4 15. e5
Ne8 16. Qf3 d5 17. Bxe7 Qxe7 18. Bxc4 bxc4 19. Nxd5 Qa7 20. Ne3 Nc7 21. Nxc4
Nd5 22. Qe4 Qf7 23. Nd6 Qh5 24. f5 Ne7 25. fxe6 Ng6 26. Rae1 Qg5 27. Rf5 Qe7
28. Qd5 Nh4 29. Rf7 Qg5 30. Rxf8+ Kxf8 31. Qxa8+ 1-0

[Event "European Blitz Championship 2021"]
[Site "Katowice"]
[Date "2021.12.17"]
[Round "14.23"]
[White "Kosakowski, Jakub"]
[Black "Dzierzak, Radoslaw"]
[Result "1-0"]
[WhiteElo "2340"]
[BlackElo "2264"]
[Annotator "ChessBase"]
[PlyCount "85"]
[EventDate "2021.12.17"]
[EventType "swiss"]
[EventCountry "POL"]
[SourceTitle "playchess.com"]
[Source "ChessBase"]
[SourceQuality "1"]

1. e4 c5 2. Nf3 e6 3. d4 cxd4 4. Nxd4 Nc6 5. Nc3 Qc7 6. Be3 a6 7. Qf3 Bd6 8.
O-O-O Be5 9. g3 Nge7 10. Qe2 O-O 11. f4 Bxd4 12. Bxd4 Nxd4 13. Rxd4 b5 14. Bg2
Rb8 15. Rhd1 Nc6 16. Rd6 f6 17. Kb1 Nd8 18. Qd2 Nf7 19. Rd3 d6 20. Ne2 Bd7 21.
Nd4 b4 22. f5 Rfe8 23. Bh3 e5 24. Ne6 Qb6 25. Bg4 Bb5 26. Re3 Rec8 27. Be2 Rc6
28. Bxb5 Qxb5 29. g4 Rbc8 30. Rc1 a5 31. h4 h6 32. g5 fxg5 33. hxg5 Nxg5 34.
Nxg5 hxg5 35. Rg3 Qb7 36. Qxg5 Qf7 37. f6 a4 38. fxg7 b3 39. Qh6 bxc2+ 40. Ka1
Qe6 41. Qh8+ Kf7 42. g8=Q+ Rxg8 43. Qxg8+ 1-0

[Event "European Blitz Championship 2021"]
[Site "Katowice"]
[Date "2021.12.17"]
[Round "14.24"]
[White "Balog, Imre"]
[Black "Paszewski, Mateusz"]
[Result "1/2-1/2"]
[WhiteElo "2573"]
[BlackElo "2177"]
[Annotator "RC"]
[PlyCount "115"]
[EventDate "2021.12.17"]
[EventType "swiss"]
[EventCountry "POL"]
[SourceTitle "playchess.com"]
[Source "ChessBase"]
[SourceQuality "1"]

1. d4 d5 2. Nf3 e6 3. c4 a6 4. Qc2 dxc4 5. a4 Nf6 6. Bg5 c5 7. Qxc4 Nc6 8. dxc5
Qa5+ 9. Nbd2 Bxc5 10. Bxf6 gxf6 11. e3 Ne5 12. Nxe5 fxe5 13. Ke2 Be7 14. Nb3
Qd5 15. Qxd5 exd5 16. g3 Bg4+ 17. f3 Be6 18. Bg2 d4 19. Nd2 dxe3 20. Kxe3 O-O-O
21. Rhc1+ Kb8 22. Ke2 Bg5 23. Rc2 Bf5 24. Ne4 Rd4 25. h4 Bh6 26. g4 Bxe4 27.
fxe4 Bf4 28. Rd1 Rhd8 29. Rxd4 Rxd4 30. b3 Rd7 31. g5 Bg3 32. Rc5 Rc7 33. Rd5
Rc2+ 34. Kf3 Bxh4 35. Bh3 Bxg5 36. Rxe5 f6 37. Re8+ Ka7 38. Be6 Rc7 39. Kg4 a5
40. Bd5 Kb6 41. Bc4 h6 42. Kf5 Kc5 43. Re6 Kd4 44. Rb6 h5 45. Rd6+ Ke3 46. Rd3+
Kf2 47. e5 Rc5 48. Bd5 Ke2 49. Rd4 Be3 50. Bc4+ Kf2 51. Rd5 Rxd5 52. Bxd5 fxe5
53. Bxb7 h4 54. Kg4 Bd2 55. Kxh4 Ke3 56. Kg4 Kd4 57. Kf5 Bb4 58. Be4 1/2-1/2

[Event "European Blitz Championship 2021"]
[Site "Katowice"]
[Date "2021.12.17"]
[Round "14.25"]
[White "Sumets, Andrey"]
[Black "Froewis, Annika"]
[Result "1-0"]
[WhiteElo "2527"]
[BlackElo "2100"]
[Annotator "RC"]
[PlyCount "49"]
[EventDate "2021.12.17"]
[EventType "swiss"]
[EventCountry "POL"]
[SourceTitle "playchess.com"]
[Source "ChessBase"]
[SourceQuality "1"]

1. d4 d5 2. c4 e6 3. Nf3 Nf6 4. g3 dxc4 5. Bg2 Bd7 6. Ne5 Bc6 7. Nxc6 Nxc6 8.
O-O Qd7 9. e3 O-O-O 10. Nd2 h5 11. Nxc4 h4 12. a3 Nd5 13. b4 a6 14. Qb3 f5 15.
b5 axb5 16. Qxb5 g5 17. Rb1 Nb6 18. Nxb6+ cxb6 19. Qxb6 hxg3 20. fxg3 Qc7 21.
Bd2 Qxb6 22. Rxb6 Bxa3 23. Rfb1 Rh7 24. Bxc6 bxc6 25. Rb8+ 1-0

[Event "European Blitz Championship 2021"]
[Site "Katowice"]
[Date "2021.12.17"]
[Round "14.26"]
[White "Baum, Jonasz"]
[Black "Janik, Igor"]
[Result "1-0"]
[WhiteElo "2157"]
[BlackElo "2508"]
[Annotator "ChessBase"]
[PlyCount "71"]
[EventDate "2021.12.17"]
[EventType "swiss"]
[EventCountry "POL"]
[SourceTitle "playchess.com"]
[Source "ChessBase"]
[SourceQuality "1"]

1. d4 d6 2. Nf3 g6 3. e4 Bg7 4. Bc4 a6 5. O-O b5 6. Bd5 c6 7. Bb3 Nf6 8. e5 Nd5
9. exd6 Qxd6 10. Nbd2 O-O 11. Ne4 Qc7 12. a4 b4 13. c4 bxc3 14. bxc3 Bf5 15.
Nfd2 Nd7 16. Ba3 Rfe8 17. Re1 N7f6 18. Nxf6+ Bxf6 19. Qf3 Qd7 20. h3 Nxc3 21.
Qxc3 Bxd4 22. Qa5 e5 23. Rad1 Qa7 24. Ne4 Bxe4 25. Rxe4 Bxf2+ 26. Kh1 Bd4 27.
Rf1 Qb8 28. Bxf7+ Kh8 29. Bxe8 Qxe8 30. Rf8+ Qxf8 31. Bxf8 Rxf8 32. Rxd4 exd4
33. Qe5+ Kg8 34. Qxd4 a5 35. Qc4+ Kg7 36. Qc3+ 1-0

[Event "European Blitz Championship 2021"]
[Site "Katowice"]
[Date "2021.12.17"]
[Round "14.29"]
[White "Kjartansson, Gudmundur"]
[Black "Zylka, Stanislaw"]
[Result "0-1"]
[WhiteElo "2382"]
[BlackElo "2143"]
[Annotator "ChessBase"]
[PlyCount "122"]
[EventDate "2021.12.17"]
[EventType "swiss"]
[EventCountry "POL"]
[SourceTitle "playchess.com"]
[Source "ChessBase"]
[SourceQuality "1"]

1. c4 Nf6 2. Nf3 g6 3. g3 Bg7 4. Bg2 O-O 5. O-O d5 6. cxd5 Nxd5 7. Nc3 Nc6 8.
d4 e5 9. Nxd5 e4 10. e3 Qxd5 11. Nd2 f5 12. b3 a5 13. Ba3 Rd8 14. Rc1 Be6 15.
f3 exf3 16. Nxf3 Qd7 17. Ng5 Bd5 18. Bxd5+ Qxd5 19. Qf3 Qxf3 20. Rxf3 Rd7 21.
Ne6 Bh6 22. Nc5 Re7 23. Nxb7 Rxe3 24. Rc3 Rxf3 25. Rxf3 Nxd4 26. Rd3 a4 27. Bb2
axb3 28. Bxd4 bxa2 29. Ba1 Bg7 30. Rd1 Rb8 31. Bxg7 Kxg7 32. Ra1 Rxb7 33. Rxa2
c5 34. Rc2 Rc7 35. Rc4 Kf6 36. Kf2 Ke5 37. Ke3 Kd5 38. Ra4 c4 39. Ra5+ Rc5 40.
Ra7 c3 41. Ra1 c2 42. Rc1 Rc3+ 43. Kd2 Kd4 44. Ke2 Ke4 45. Kd2 Rc7 46. Re1+ Kf3
47. Kc1 g5 48. Rf1+ Kg4 49. Rg1 Kh3 50. Rf1 Rc5 51. Rf2 h5 52. Re2 h4 53. gxh4
Kxh4 54. Rg2 g4 55. Rf2 Kg5 56. Rf1 f4 57. Rf2 f3 58. Rd2 Kf4 59. Rd4+ Ke3 60.
Rxg4 f2 61. Rg3+ Kf4 0-1

[Event "European Blitz Championship 2021"]
[Site "Katowice"]
[Date "2021.12.17"]
[Round "14.30"]
[White "Grabarczyk, Miroslaw"]
[Black "Batashevs, Arsens"]
[Result "0-1"]
[WhiteElo "2279"]
[BlackElo "2091"]
[Annotator "ChessBase"]
[PlyCount "118"]
[EventDate "2021.12.17"]
[EventType "swiss"]
[EventCountry "POL"]
[SourceTitle "playchess.com"]
[Source "ChessBase"]
[SourceQuality "1"]

1. d4 g6 2. Nf3 Bg7 3. g3 b6 4. Bg2 Bb7 5. O-O d6 6. c4 Nd7 7. Nc3 e6 8. e4 Ne7
9. Be3 a6 10. Qd2 h6 11. b4 Kf8 12. a4 a5 13. b5 Kg8 14. Ne1 e5 15. d5 Kh7 16.
Nd3 Rf8 17. f4 exf4 18. gxf4 f5 19. Rae1 fxe4 20. Bxe4 Nf5 21. Bxf5 gxf5 22.
Nf2 Qf6 23. Ne2 Nc5 24. Bd4 Qg6+ 25. Kh1 Nb3 26. Qd3 Nxd4 27. Nxd4 Bxd4 28.
Qxd4 Rae8 29. Rxe8 Rxe8 30. Rg1 Qf7 31. Rg3 Bc8 32. Kg2 Bd7 33. Qb2 Rg8 34. Nh1
Re8 35. Kf2 Qe7 36. Kg2 Qe2+ 37. Qxe2 Rxe2+ 38. Nf2 Be8 39. Kf1 Re7 40. Nd1 Bh5
41. Re3 Rg7 42. Nf2 Rf7 43. Nh1 Bd1 44. Ke1 Bxa4 45. Kd2 Rg7 46. Ng3 h5 47. Re6
h4 48. Nxf5 Rg2+ 49. Ke3 Rxh2 50. Rh6+ Kg8 51. Nxh4 Bb3 52. Kd4 a4 53. Kc3 Bd1
54. Rg6+ Kf7 55. Rh6 a3 56. Nf5 a2 57. Rxh2 a1=Q+ 58. Kd3 Qb1+ 59. Ke3 Qxf5 0-1

[Event "European Blitz Championship 2021"]
[Site "Katowice"]
[Date "2021.12.17"]
[Round "15.1"]
[White "Sadzikowski, Daniel"]
[Black "Duda, Jan-Krzysztof"]
[Result "1/2-1/2"]
[WhiteElo "2525"]
[BlackElo "2756"]
[Annotator "TA"]
[PlyCount "97"]
[EventDate "2021.12.17"]
[EventType "swiss"]
[EventCountry "POL"]
[SourceTitle "playchess.com"]
[Source "ChessBase"]
[SourceQuality "1"]

1. Nf3 Nf6 2. c4 e6 3. Nc3 d5 4. d4 c6 5. Bg5 h6 6. Bxf6 Qxf6 7. e3 Nd7 8. Be2
g6 9. O-O Bg7 10. cxd5 exd5 11. b4 a6 12. a4 O-O 13. b5 a5 14. Rb1 Re8 15. Ne1
Qd6 16. bxc6 bxc6 17. Nd3 h5 18. Qc2 Nf6 19. Rfc1 Bf5 20. Nd1 Ng4 21. Bxg4 hxg4
22. Rb3 Bxd4 23. Qxc6 Qxc6 24. Rxc6 Bg7 25. Nf4 Bd7 26. Rc1 d4 27. Ra3 Rac8 28.
Rxc8 Rxc8 29. Kf1 Rc4 30. Ke2 dxe3 31. fxe3 Rxa4 32. Rb3 Ra2+ 33. Kd3 Be5 34.
Nc3 Rf2 35. Ncd5 a4 36. Rb7 a3 37. Rxd7 a2 38. Ra7 a1=Q 39. Rxa1 Bxa1 40. h3 g5
41. Nh5 gxh3 42. gxh3 Kh7 43. Ke4 f5+ 44. Kd3 Kg6 45. Ng3 Rf3 46. Ne2 Rxh3 47.
Nef4+ gxf4 48. Nxf4+ Kg5 49. Nxh3+ 1/2-1/2

[Event "European Blitz Championship 2021"]
[Site "Katowice"]
[Date "2021.12.17"]
[Round "15.1"]
[White "Kjartansson, Gudmundur"]
[Black "Pacuszka, Tomasz"]
[Result "1-0"]
[WhiteElo "2382"]
[BlackElo "2145"]
[Annotator "NA"]
[PlyCount "114"]
[EventDate "2021.12.17"]
[EventType "swiss"]
[EventCountry "POL"]
[SourceTitle "playchess.com"]
[Source "ChessBase"]
[SourceQuality "1"]

1. d4 d5 2. c4 e6 3. Nc3 Nf6 4. cxd5 exd5 5. Bg5 Be7 6. e3 h6 7. Bh4 a6 8. Bd3
b5 9. Nf3 Bb7 10. Qc2 Nbd7 11. a3 Rc8 12. Rd1 O-O 13. O-O Re8 14. Bf5 Ra8 15.
Ne5 Nb6 16. Ne2 Nc4 17. a4 Bd6 18. Ng4 Be7 19. Ne5 Bd6 20. Nd3 Bc8 21. Bxc8
Rxc8 22. b3 Nb6 23. a5 Nbd7 24. Qc6 Nb8 25. Qc2 Be7 26. Bg3 Ne4 27. Ne5 c5 28.
dxc5 Bxc5 29. Qb1 Nxg3 30. hxg3 Rxe5 31. b4 Bf8 32. Nf4 Nc6 33. e4 d4 34. Nd5
Rxd5 35. exd5 Qxd5 36. Rc1 Rd8 37. Rfd1 Nxb4 38. Rc7 d3 39. Qb2 Qd6 40. Rb7 Qc6
41. Rb6 Qc5 42. Qd2 Qd5 43. Qf4 Bc5 44. Qc7 Bxb6 45. axb6 Qd7 46. Qc5 Qd6 47.
Qxd6 Rxd6 48. b7 Rb6 49. Rb1 Rxb7 50. Rxb4 Rd7 51. Rb1 d2 52. Rd1 a5 53. Kf1 a4
54. Ke2 b4 55. f3 a3 56. g4 b3 57. f4 a2 1-0

[Event "European Blitz Championship 2021"]
[Site "Katowice"]
[Date "2021.12.17"]
[Round "15.2"]
[White "Diermair, Andreas"]
[Black "Zylka, Stanislaw"]
[Result "1-0"]
[WhiteElo "2357"]
[BlackElo "2143"]
[Annotator "NA"]
[PlyCount "77"]
[EventDate "2021.12.17"]
[EventType "swiss"]
[EventCountry "POL"]
[SourceTitle "playchess.com"]
[Source "ChessBase"]
[SourceQuality "1"]

1. d4 Nf6 2. Nf3 g6 3. g3 Bg7 4. Bg2 O-O 5. O-O d5 6. c4 dxc4 7. Na3 Nc6 8.
Nxc4 Be6 9. b3 Bd5 10. Bb2 a5 11. Ne3 Be4 12. a3 Nd5 13. Nc4 Nf6 14. Rc1 Qb8
15. e3 Rd8 16. Qe2 Bd5 17. Rfd1 Ne4 18. Ne1 b5 19. Nd2 Nxd2 20. Rxd2 Bxg2 21.
Nxg2 Ra6 22. Rdc2 Rd6 23. Qf3 Qb7 24. Ne1 e6 25. Nd3 Rb6 26. Nc5 Qa8 27. Ne4
Rd5 28. Qg2 Kh8 29. h4 h5 30. Ng5 Kg8 31. Ne4 Qb7 32. Nc5 Qa8 33. Nd3 Bf8 34.
Nf4 Rd6 35. d5 exd5 36. Nxd5 Rb7 37. Rxc6 Rxc6 38. Rxc6 Qd8 39. Nf6+ 1-0